LDC : les clubs en 2017/2018 - Statistiques

Statistiques générales
  • Ce quiz a été pris 477 fois
  • Le résultat moyen est 19 sur 32
Statistiques - réponses
Hint Réponse % Correct
H 2ème Vainqueur Real Madrid
98%
D 1er Quart de finale Barcelone
96%
B 1er 8ème de finale PSG
96%
F 1er Quart de finale Manchester City
92%
E 1er Finaliste Liverpool
90%
B 2ème Demi-finale Bayern Munich
89%
D 2ème Quart de finale Juventus
89%
A 1er 8ème de finale Manchester United
89%
C 2ème 8ème de finale Chelsea
84%
C 3ème Atletico Madrid
82%
H 3ème Dortmund
82%
G 4ème Monaco
79%
C 1er Demi-finale Roma
71%
G 2ème 8ème de finale Porto
69%
A 4ème Benfica
67%
F 3ème Naples
67%
H 1er 8ème de finale Tottenham
67%
E 2ème Quart de finale Séville
63%
G 3ème Leipzig
59%
B 3ème Celtic
45%
D 3ème Sporting
45%
B 4ème Anderlecht
38%
F 4ème Feyenoord
32%
A 2ème 8ème de finale Bâle
31%
G 1er 8ème de finale Besiktas
29%
A 3ème CSKA Moscou
29%
H 4ème APOEL Nicosie
21%
D 4ème Olympiakos
21%
E 3ème Spartak Moscou
21%
F 2ème 8ème de finale Shakthar
18%
C 4ème Qarabag
12%
E 4ème Maribor
9%
Aucun quiz correspondant
Distribution des résultats
% des personnes avec chaque résultat
Percentile par nombre de réponses
Votre historique - résultats
Vous n’avez pas pris ce quiz